[Event "Titled Tuesday intern op 28th Nov Early"]
[Site "Chess.com INT"]
[Date "2023.11.28"]
[Round "8"]
[White "Mirza, Diana"]
[Black "Nguyen, Hong Ngoc"]
[Result "1-0"]
[WhiteElo "1897"]
[BlackElo "1882"]
[PlyCount "61"]
[EventDate "2023.11.28"]
[EventType "swiss (blitz)"]
[EventRounds "11"]
[EventCountry "USA"]
[SourceTitle "EXT 2025"]
[Source "ChessBase"]
[SourceDate "2024.10.14"]
[SourceVersion "1"]
[SourceVersionDate "2024.10.14"]
[SourceQuality "1"]

1. g3 d6 2. Bg2 Nf6 3. e3 c6 4. d4 Nbd7 5. c4 e5 6. Nc3 Be7 7. Nge2 0-0 8. 0-0 h6 9. b3 Nb6 10. Bb2 Bf5 11. h3 a5 12. Kh2 a4 13. Nxa4 Nxa4 14. bxa4 exd4 15. Nxd4 Bg6 16. Qb3 Qc7 17. f4 Ne4 18. Qd1 d5 19. cxd5 cxd5 20. Rc1 Qb6 21. Ba1 Rfc8 22. f5 Bh7 23. Qg4 Nf6 24. Qe2 Bd6 25. Nb5 Rxc1 26. Rxc1 Bxf5 27. Bxf6 gxf6 28. Bxd5 Rxa4 29. Qh5 Qxb5 30. Qxf7+ Kh8 31. Qg8# 1-0

[Event "Titled Tuesday intern op 28th Nov Early"]
[Site "Chess.com INT"]
[Date "2023.11.28"]
[Round "7"]
[White "Nguyen, Hong Ngoc"]
[Black "Cardenas Carbajal, Nilson"]
[Result "1-0"]
[WhiteElo "1882"]
[BlackElo "2076"]
[PlyCount "107"]
[EventDate "2023.11.28"]
[EventType "swiss (blitz)"]
[EventRounds "11"]
[EventCountry "USA"]
[SourceTitle "EXT 2025"]
[Source "ChessBase"]
[SourceDate "2024.10.14"]
[SourceVersion "1"]
[SourceVersionDate "2024.10.14"]
[SourceQuality "1"]

1. d4 Nf6 2. c4 e6 3. Nf3 d5 4. Nc3 Be7 5. g3 Nbd7 6. Bg2 0-0 7. 0-0 c6 8. b3 b6 9. Bb2 Bb7 10. Ne5 Nxe5 11. dxe5 Nd7 12. cxd5 cxd5 13. Nb5 Ba6 14. Nd4 Nxe5 15. Nxe6 fxe6 16. Bxe5 Bf6 17. Qd4 Bxe5 18. Qxe5 Qf6 19. Qxf6 gxf6 20. Rfe1 Rac8 21. e3 Rc2 22. Rec1 Rfc8 23. Rxc2 Rxc2 24. Bf3 Kf7 25. a4 Bb7 26. a5 b5 27. a6 Bc6 28. Kf1 e5 29. Bd1 Rb2 30. Rc1 Bd7 31. Rc7 Ke8 32. Bh5+ Kd8 33. Rxa7 b4 34. Rb7 Bc8 35. Rb8 Kc7 36. a7 Bb7 37. a8Q Bxa8 38. Rxa8 Rxb3 39. Ra7+ Kb6 40. Rxh7 Rb1+ 41. Kg2 b3 42. Rh6 b2 43. Rxf6+ Kc5 44. Bg6 e4 45. Rf8 Rg1+ 46. Kxg1 b1Q+ 47. Kg2 Qb2 48. Rf4 Qe5 49. h4 Kd6 50. h5 Ke7 51. h6 Qh8 52. h7 Ke6 53. Rg4 Ke5 54. f3 1-0

[Event "VIE-chT (Women)"]
[Site "Hanoi"]
[Date "2023.04.19"]
[Round "3"]
[White "Hoang, Thi Bao Tram"]
[Black "Nguyen, Hong Ngoc"]
[Result "1/2-1/2"]
[WhiteElo "2277"]
[BlackElo "1891"]
[PlyCount "134"]
[EventDate "2023.04.18"]
[EventType "swiss"]
[EventRounds "9"]
[EventCountry "VIE"]
[SourceTitle "EXT 2024"]
[Source "ChessBase"]
[SourceDate "2023.10.10"]
[SourceVersion "1"]
[SourceVersionDate "2023.10.10"]
[SourceQuality "1"]

1. Nf3 g6 2. e4 Bg7 3. Nc3 d6 4. d4 Nf6 5. Be2 a6 6. 0-0 0-0 7. a4 Nc6 8. Bg5 h6 9. Be3 Ng4 10. Bc1 e5 11. dxe5 Ngxe5 12. Nxe5 Bxe5 13. Be3 f5 14. f4 Bg7 15. exf5 Bxf5 16. Nd5 Ne7 17. Bf3 Rb8 18. Ba7 Ra8 19. Bf2 c6 20. Nb6 Rb8 21. Nc4 Be6 22. Qe2 Bxc4 23. Qxc4+ d5 24. Qb4 a5 25. Qb3 Nf5 26. c3 Kh7 27. Ba7 Ra8 28. Bc5 Rf7 29. Be2 Bf8 30. Qa3 Bxc5+ 31. Qxc5 Qe7 32. Qxe7 Rxe7 33. Bd3 Rae8 34. g3 Re3 35. Rad1 Kg7 36. Rd2 h5 37. Kf2 Kf6 38. Rc1 R8e7 39. b4 axb4 40. cxb4 Nd6 41. a5 R3e6 42. Ra2 Nf5 43. Rc5 Ne3 44. h3 Nd1+ 45. Kg2 Ne3+ 46. Kh2 Nd1 47. a6 bxa6 48. Rxa6 Nf2 49. Bf1 d4 50. Bc4 Rd6 51. Raxc6 Rxc6 52. Rxc6+ Kg7 53. Kg2 Nd1 54. Bd3 Re3 55. Bxg6 Re2+ 56. Kg1 Re1+ 57. Kg2 Re2+ 58. Kf1 Rb2 59. Rd6 Ne3+ 60. Ke1 h4 61. gxh4 Ng2+ 62. Kd1 Nxf4 63. h5 Rxb4 64. h4 Nxg6 65. hxg6 Rb5 66. Kd2 Rh5 67. Kd3 Rxh4 1/2-1/2

[Event "Titled Tuesday intern op 17th May Early"]
[Site "Chess.com INT"]
[Date "2022.05.17"]
[Round "10"]
[White "Nguyen, Hong Ngoc"]
[Black "Taboas Rodriguez, Daniel"]
[Result "1-0"]
[WhiteElo "1917"]
[BlackElo "2353"]
[PlyCount "125"]
[EventDate "2022.05.17"]
[EventType "swiss (blitz)"]
[EventRounds "11"]
[EventCountry "USA"]
[SourceTitle "CBM 208 Extra"]
[Source "ChessBase"]
[SourceDate "2022.07.31"]
[SourceVersion "1"]
[SourceVersionDate "2022.07.31"]
[SourceQuality "1"]

1. e4 e6 2. d4 d5 3. Nc3 Nc6 4. Nf3 Nf6 5. Bg5 Be7 6. e5 Ne4 7. Bxe7 Qxe7 8. Bb5 Bd7 9. Qe2 Nxc3 10. bxc3 Qa3 11. Qd3 a6 12. Bxc6 Bxc6 13. Qe3 Bb5 14. Kd2 0-0 15. h4 c5 16. dxc5 Rac8 17. h5 Rxc5 18. h6 Rfc8 19. c4 Qxe3+ 20. fxe3 Rxc4 21. Nd4 g6 22. g4 Ba4 23. Rac1 b5 24. Rhf1 b4 25. Rf3 a5 26. Rf4 Be8 27. Rb1 Rc3 28. Rb2 Ra3 29. g5 Rcc3 30. Rf3 Bd7 31. Rg3 Kf8 32. Rf3 Ke7 33. Rg3 Be8 34. Rf3 Rc4 35. Rf4 Rc7 36. Rf1 Rc5 37. Rf6 Bb5 38. Rb1 Bc4 39. Nb3 Rc8 40. Rb2 a4 41. Nd4 Rxa2 42. Rxb4 Rc7 43. Rb6 a3 44. Nc6+ Ke8 45. Rb8+ Kd7 46. Nd4 Ke7 47. Rh8 Bb3 48. Rxh7 Rcxc2+ 49. Nxc2 Rxc2+ 50. Kd3 a2 51. Rhxf7+ Kd8 52. Ra7 Ke8 53. h7 Rh2 54. Rxe6+ Kd8 55. Rb6 Kc8 56. Rxb3 Rxh7 57. Rxa2 Rc7 58. Kd4 Rf7 59. e6 Rf5 60. Ra7 Kd8 61. e7+ Ke8 62. Rb8+ Kf7 63. e8Q# 1-0

[Event "Titled Tuesday intern op 17th May Early"]
[Site "Chess.com INT"]
[Date "2022.05.17"]
[Round "3"]
[White "Nguyen, Hong Ngoc"]
[Black "Yeletsky, Ivan"]
[Result "0-1"]
[WhiteElo "1917"]
[BlackElo "2461"]
[PlyCount "164"]
[EventDate "2022.05.17"]
[EventType "swiss (blitz)"]
[EventRounds "11"]
[EventCountry "USA"]
[SourceTitle "CBM 208 Extra"]
[Source "ChessBase"]
[SourceDate "2022.07.31"]
[SourceVersion "1"]
[SourceVersionDate "2022.07.31"]
[SourceQuality "1"]

1. e4 c5 2. Nc3 g6 3. f4 Bg7 4. Nf3 a6 5. g3 b5 6. d3 Bb7 7. Bg2 e6 8. Qe2 Nc6 9. 0-0 Nge7 10. h3 Nd4 11. Nxd4 cxd4 12. Nd1 0-0 13. Nf2 f5 14. Bd2 Rc8 15. Rfc1 a5 16. c3 a4 17. a3 Qb6 18. Kh2 Rc7 19. cxd4 Rxc1 20. Rxc1 Bxd4 21. Nd1 fxe4 22. dxe4 e5 23. Nc3 Bc6 24. Qg4 Qb7 25. f5 d6 26. Rf1 Nxf5 27. Rxf5 Rxf5 28. exf5 Bxg2 29. fxg6 Bh1 30. gxh7+ Kxh7 31. Qh5+ Kg8 32. Qg6+ Kh8 33. Qf6+ Kh7 34. Qf5+ Kg7 35. Qg5+ Kf7 36. Qh5+ Ke6 37. Qe8+ Kf6 38. Qd8+ Kg7 39. Qg5+ Kf7 40. Qh5+ Kg8 41. Qg6+ Kf8 42. Qxd6+ Kg7 43. Qh6+ Kg8 44. Qg6+ Kh8 45. Qf6+ Kh7 46. Qf1 Bc6 47. Qf5+ Kh8 48. Bg5 Qd7 49. Bf6+ Kg8 50. Qg5+ Kf7 51. Qg7+ Ke6 52. Qxd7+ Bxd7 53. Bg5 Kf5 54. Bd2 e4 55. g4+ Ke5 56. Kg2 e3 57. Be1 Bc6+ 58. Kg3 Bd7 59. h4 Kd6 60. h5 Be5+ 61. Kh4 Bf6+ 62. g5 Be5 63. g6 Bf6+ 64. Kg3 Be5+ 65. Kf3 Ke7 66. Nd5+ Ke6 67. Nxe3 Bxb2 68. Bb4 Kf6 69. Kf4 Be5+ 70. Ke4 Bc6+ 71. Nd5+ Ke6 72. h6 Bxd5+ 73. Ke3 Kf5 74. g7 Kg6 75. Bf8 Kh7 76. Kd3 Bb2 77. Kc2 Bf6 78. Kd3 Bg8 79. Ke4 Kxh6 80. Kf5 Bxg7 81. Bb4 Bb2 82. Ke4 Kg7 0-1

[Event "Hanoi FM Rating 04"]
[Site "Hanoi"]
[Date "2022.04.10"]
[Round "5"]
[White "Nguyen, Hong Ngoc"]
[Black "Nguyen, Hoang Duc"]
[Result "1/2-1/2"]
[WhiteElo "1926"]
[BlackElo "2119"]
[PlyCount "49"]
[EventDate "2022.04.08"]
[EventType "swiss"]
[EventRounds "7"]
[EventCountry "VIE"]
[SourceTitle "EXT 2023"]
[Source "ChessBase"]
[SourceDate "2022.10.05"]
[SourceVersion "1"]
[SourceVersionDate "2022.10.05"]
[SourceQuality "1"]

1. d4 d5 2. c4 e6 3. Nf3 Nf6 4. g3 Be7 5. Bg2 0-0 6. 0-0 b6 7. Nc3 Bb7 8. b3 dxc4 9. bxc4 c5 10. e3 cxd4 11. exd4 Nc6 12. Ne5 Rc8 13. Bb2 Qc7 14. Nxc6 Bxc6 15. d5 Bd7 16. dxe6 Bxe6 17. Nd5 Qd8 18. Qd3 Re8 19. Rae1 h6 20. Re2 Qd7 21. Bxf6 Bxf6 22. Nxf6+ gxf6 23. Qxd7 Bxd7 24. Rd2 Bc6 25. Bd5 1/2-1/2

[Event "Titled Tuesday intern op 25th Jan"]
[Site "Chess.com INT"]
[Date "2022.01.25"]
[Round "7"]
[White "Cherniaiev, Tykhon"]
[Black "Nguyen, Hong Ngoc"]
[Result "1-0"]
[WhiteElo "2209"]
[BlackElo "1957"]
[PlyCount "83"]
[EventDate "2022.01.25"]
[EventType "swiss (blitz)"]
[EventRounds "11"]
[EventCountry "USA"]
[SourceTitle "CBM 206 Extra"]
[Source "ChessBase"]
[SourceDate "2022.03.31"]
[SourceVersion "1"]
[SourceVersionDate "2022.03.31"]
[SourceQuality "1"]

1. Nf3 f5 2. d3 Nf6 3. e4 d6 4. exf5 Bxf5 5. d4 Qd7 6. Bd3 Bxd3 7. Qxd3 e6 8. 0-0 Nc6 9. Re1 0-0-0 10. c4 Re8 11. Nc3 g6 12. Be3 d5 13. Ne5 Nxe5 14. dxe5 dxc4 15. Qxc4 Nd5 16. Bxa7 Bg7 17. Rad1 Rd8 18. Nb5 Qc6 19. Bc5 Kb8 20. Rc1 Bh6 21. Nd4 Qd7 22. Rcd1 b6 23. Ba3 Kb7 24. g3 Rhe8 25. Rd3 g5 26. Rb3 g4 27. Nb5 Qc6 28. Qxg4 Bd2 29. Rd1 Ba5 30. Nd4 Qa4 31. Qf3 Rf8 32. Qg2 Rfe8 33. Rbd3 c6 34. Bd6 Qxa2 35. b4 Bxb4 36. Nxc6 Kxc6 37. Bxb4 Kb7 38. Bd6 Qc4 39. Rd4 Qc2 40. R4d2 Qc4 41. Qh3 Rd7 42. Rxd5 1-0

[Event "Titled Tuesday intern op 25th Jan"]
[Site "Chess.com INT"]
[Date "2022.01.25"]
[Round "8"]
[White "Nguyen, Hong Ngoc"]
[Black "Odegov, Artem"]
[Result "0-1"]
[WhiteElo "1957"]
[BlackElo "2286"]
[PlyCount "50"]
[EventDate "2022.01.25"]
[EventType "swiss (blitz)"]
[EventRounds "11"]
[EventCountry "USA"]
[SourceTitle "CBM 206 Extra"]
[Source "ChessBase"]
[SourceDate "2022.03.31"]
[SourceVersion "1"]
[SourceVersionDate "2022.03.31"]
[SourceQuality "1"]

1. e4 e6 2. d4 d5 3. Nc3 Bb4 4. Bd3 dxe4 5. Bxe4 Nf6 6. Bd3 0-0 7. Nge2 c5 8. a3 Bxc3+ 9. bxc3 Nc6 10. Be3 Nd5 11. 0-0 Nxc3 12. Nxc3 cxd4 13. Bd2 dxc3 14. Bxc3 e5 15. Re1 Qg5 16. Be4 Rd8 17. Bxc6 Rxd1 18. Raxd1 Bg4 19. Rxe5 Qxe5 20. Bxe5 Bxd1 21. Bxb7 Re8 22. f4 Bxc2 23. Kf2 Rd8 24. g4 Rd3 25. Be4 Rxa3 0-1

[Event "Titled Tuesday intern op 25th Jan"]
[Site "Chess.com INT"]
[Date "2022.01.25"]
[Round "3"]
[White "Nguyen, Hong Ngoc"]
[Black "Politov, Pavel Y"]
[Result "1-0"]
[WhiteElo "1957"]
[BlackElo "2190"]
[PlyCount "35"]
[EventDate "2022.01.25"]
[EventType "swiss (blitz)"]
[EventRounds "11"]
[EventCountry "USA"]
[SourceTitle "CBM 206 Extra"]
[Source "ChessBase"]
[SourceDate "2022.03.31"]
[SourceVersion "1"]
[SourceVersionDate "2022.03.31"]
[SourceQuality "1"]

1. e4 c5 2. Nc3 d6 3. f4 g6 4. Nf3 Bg7 5. Bc4 e6 6. d3 Ne7 7. 0-0 Nbc6 8. Qe1 0-0 9. f5 exf5 10. Qh4 Nd4 11. Bg5 Re8 12. Nd5 Nxf3+ 13. Rxf3 Be6 14. Nxe7+ Kh8 15. Rh3 h5 16. Bxe6 fxe6 17. Nxg6+ Kg8 18. Bxd8 1-0

[Event "Titled Tuesday intern op 25th Jan"]
[Site "Chess.com INT"]
[Date "2022.01.25"]
[Round "2"]
[White "Taboas Rodriguez, Daniel"]
[Black "Nguyen, Hong Ngoc"]
[Result "1-0"]
[WhiteElo "2370"]
[BlackElo "1957"]
[PlyCount "139"]
[EventDate "2022.01.25"]
[EventType "swiss (blitz)"]
[EventRounds "11"]
[EventCountry "USA"]
[SourceTitle "CBM 206 Extra"]
[Source "ChessBase"]
[SourceDate "2022.03.31"]
[SourceVersion "1"]
[SourceVersionDate "2022.03.31"]
[SourceQuality "1"]

1. d4 f5 2. Nf3 Nf6 3. g3 e6 4. Bg2 Be7 5. 0-0 0-0 6. Nc3 d6 7. Re1 Qe8 8. e4 fxe4 9. Nxe4 Nxe4 10. Rxe4 Qh5 11. Rf4 Nc6 12. Rxf8+ Bxf8 13. Be3 Ne7 14. Nd2 Qxd1+ 15. Rxd1 Nf5 16. c4 Rb8 17. b4 Bd7 18. b5 Be7 19. a4 c6 20. Nb3 Nxe3 21. fxe3 Bg5 22. Kf2 Rf8+ 23. Ke2 e5 24. h3 exd4 25. Nxd4 Rc8 26. bxc6 bxc6 27. Rb1 Re8 28. Rb3 c5 29. Nb5 Rb8 30. Rd3 Bf5 31. Rd5 g6 32. g4 Re8 33. gxf5 Rxe3+ 34. Kf2 Rb3 35. fxg6 Bf4 36. gxh7+ Kxh7 37. Nxd6 Ra3 38. Be4+ Kg7 39. Nf5+ Kf6 40. h4 Rxa4 41. Rxc5 Ra3 42. h5 a5 43. h6 Rh3 44. Rxa5 Kg5 45. Nd4+ Kxh6 46. Nf3 Rh1 47. c5 Rc1 48. c6 Kg7 49. Rf5 Bd6 50. Ke3 Bc5+ 51. Kd3 Bb6 52. Rb5 Bd8 53. Rb8 Ba5 54. Rb7+ Kf6 55. Nd4 Rc3+ 56. Ke2 Ke5 57. Nb5 Rc5 58. Bg2 Kf4 59. Kd3 Ke5 60. Bh1 Rc1 61. Bf3 Rc5 62. c7 Bxc7 63. Nxc7 Kd6 64. Nb5+ Ke5 65. Nc3 Rc8 66. Be4 Rd8+ 67. Ke3 Rc8 68. Rb5+ Kd6 69. Nd5 Rc1 70. Nf4 1-0

[Event "Titled Tuesday intern op 31st Aug"]
[Site "Chess.com INT"]
[Date "2021.08.31"]
[Round "1"]
[White "Borsuk, Konstantin"]
[Black "Nguyen, Hong Ngoc"]
[Result "1-0"]
[WhiteElo "2415"]
[BlackElo "1957"]
[PlyCount "97"]
[EventDate "2021.08.31"]
[EventType "swiss (blitz)"]
[EventRounds "11"]
[EventCountry "USA"]
[SourceTitle "EXT 2022"]
[Source "ChessBase"]
[SourceDate "2021.10.06"]
[SourceVersion "1"]
[SourceVersionDate "2021.10.06"]
[SourceQuality "1"]

1. d4 d5 2. c4 c6 3. Nc3 Nf6 4. e3 a6 5. Nf3 b5 6. cxd5 cxd5 7. Bd3 Nc6 8. 0-0 e6 9. Bd2 Bb7 10. a3 Be7 11. Ne2 0-0 12. Nc1 Ne4 13. Be1 f5 14. Nb3 Bf6 15. Rc1 Rc8 16. Nc5 Nxc5 17. Rxc5 Na5 18. Rxc8 Bxc8 19. Bb4 Re8 20. Ne5 Bxe5 21. dxe5 Nc4 22. Bc3 Qc7 23. Bd4 Nxe5 24. f4 Nxd3 25. Qxd3 Bb7 26. Qd2 Rc8 27. Qf2 Qf7 28. h3 a5 29. Qd2 a4 30. Kh2 Ba6 31. Rf3 g6 32. Qb4 Rc6 33. Rf2 Qf8 34. Qe1 Qc8 35. Rd2 Qd8 36. Bc3 Qe7 37. Rd4 Rc4 38. Qd2 Kf7 39. Rd3 Ke8 40. Qd1 Kd7 41. Rd2 Kc6 42. Bd4 Kb7 43. b3 axb3 44. Qxb3 Ra4 45. Rc2 Qxa3 46. Qb1 Rc4 47. Ra2 Qd6 48. Qe1 Qc6 49. Qh4 1-0

[Event "Titled Tuesday intern op 31st Aug"]
[Site "Chess.com INT"]
[Date "2021.08.31"]
[Round "11"]
[White "Nguyen, Hong Ngoc"]
[Black "Serikbay, Assel"]
[Result "0-1"]
[WhiteElo "1957"]
[BlackElo "2221"]
[PlyCount "64"]
[EventDate "2021.08.31"]
[EventType "swiss (blitz)"]
[EventRounds "11"]
[EventCountry "USA"]
[SourceTitle "EXT 2022"]
[Source "ChessBase"]
[SourceDate "2021.10.06"]
[SourceVersion "1"]
[SourceVersionDate "2021.10.06"]
[SourceQuality "1"]

1. d4 Nf6 2. Nf3 g6 3. g3 d6 4. Bg2 Bg7 5. 0-0 0-0 6. Nbd2 Nbd7 7. e4 c5 8. c3 cxd4 9. cxd4 e5 10. dxe5 dxe5 11. Qc2 b5 12. b4 a5 13. Bb2 Bb7 14. bxa5 Qxa5 15. Nxe5 Rac8 16. Nb3 Qa4 17. Qe2 Bxe4 18. Nxd7 Nxd7 19. Bxg7 Bxg2 20. Kxg2 Kxg7 21. Qb2+ Kg8 22. Rfe1 Nb6 23. Nd4 Rfd8 24. Nxb5 Nc4 25. Qb3 Qa6 26. Rac1 Nd2 27. Qe3 Qxb5 28. Rxc8 Qd5+ 29. Kg1 Rxc8 30. Re2 Rc1+ 31. Re1 Rxe1+ 32. Qxe1 Nf3+ 0-1

[Event "Titled Tuesday intern op 31st Aug"]
[Site "Chess.com INT"]
[Date "2021.08.31"]
[Round "10"]
[White "Obolentseva, Alexandra"]
[Black "Nguyen, Hong Ngoc"]
[Result "1-0"]
[WhiteElo "2302"]
[BlackElo "1957"]
[PlyCount "69"]
[EventDate "2021.08.31"]
[EventType "swiss (blitz)"]
[EventRounds "11"]
[EventCountry "USA"]
[SourceTitle "EXT 2022"]
[Source "ChessBase"]
[SourceDate "2021.10.06"]
[SourceVersion "1"]
[SourceVersionDate "2021.10.06"]
[SourceQuality "1"]

1. d4 d5 2. c4 c6 3. Nf3 Nf6 4. Nc3 a6 5. b3 b5 6. Bb2 Bg4 7. e3 e6 8. Be2 Bb4 9. 0-0 Nbd7 10. Rc1 0-0 11. h3 Bh5 12. g4 Bg6 13. Ne5 Bxc3 14. Bxc3 Nxe5 15. dxe5 Ne4 16. Bb4 c5 17. Be1 dxc4 18. bxc4 Qc7 19. f4 Rfd8 20. Qb3 b4 21. Bf3 Rab8 22. Rd1 f5 23. g5 Rxd1 24. Qxd1 Rd8 25. Qa4 a5 26. h4 Nd2 27. Bxd2 Rxd2 28. Rd1 Qd8 29. h5 Be8 30. Rxd2 Qe7 31. Qd1 h6 32. Rd8 hxg5 33. Qd6 Qa7 34. Rxe8+ Kh7 35. Qxe6 1-0

[Event "Titled Tuesday intern op 31st Aug"]
[Site "Chess.com INT"]
[Date "2021.08.31"]
[Round "2"]
[White "Suder, Jakub"]
[Black "Nguyen, Hong Ngoc"]
[Result "1-0"]
[WhiteElo "2346"]
[BlackElo "1957"]
[PlyCount "95"]
[EventDate "2021.08.31"]
[EventType "swiss (blitz)"]
[EventRounds "11"]
[EventCountry "USA"]
[SourceTitle "EXT 2022"]
[Source "ChessBase"]
[SourceDate "2021.10.06"]
[SourceVersion "1"]
[SourceVersionDate "2021.10.06"]
[SourceQuality "1"]

1. d4 d5 2. c4 c6 3. cxd5 cxd5 4. Bg5 Qb6 5. Qd2 Nc6 6. Nc3 e6 7. e3 Be7 8. Bxe7 Ngxe7 9. Rc1 0-0 10. Bd3 Bd7 11. Nf3 Rac8 12. 0-0 Ng6 13. h4 Rfe8 14. h5 Nf8 15. h6 gxh6 16. e4 Kg7 17. exd5 Nxd4 18. Qf4 Nxf3+ 19. Qxf3 exd5 20. Nxd5 Qd6 21. Rcd1 Bc6 22. Qg4+ Ng6 23. Ne3 Qf4 24. Nf5+ Kf8 25. Qh5 Qg5 26. Qxh6+ Qxh6 27. Nxh6 Nf4 28. Bf5 Rcd8 29. g3 Ne2+ 30. Kh2 Kg7 31. Ng4 Nd4 32. Ne3 Re5 33. Bg4 Ree8 34. Rxd4 Rxd4 35. Nf5+ Kf6 36. Nxd4 Kg5 37. Bf3 Bd7 38. Kg2 b6 39. Nc2 Rc8 40. Ne3 Be6 41. Rh1 Bxa2 42. Rh5+ Kg6 43. g4 Rc1 44. Be4+ Kf6 45. Rh6+ Ke5 46. Kf3 Bb3 47. g5 Rg1 48. Ng4+ 1-0

[Event "Titled Tuesday intern op 27th July"]
[Site "Chess.com INT"]
[Date "2021.07.27"]
[Round "4"]
[White "Md Jamal, Uddin"]
[Black "Nguyen, Hong Ngoc"]
[Result "0-1"]
[WhiteElo "2054"]
[BlackElo "1957"]
[PlyCount "74"]
[EventDate "2021.07.27"]
[EventType "swiss (blitz)"]
[EventRounds "11"]
[EventCountry "USA"]
[SourceTitle "CBM 203 Extra"]
[Source "ChessBase"]
[SourceDate "2021.09.30"]
[SourceVersion "1"]
[SourceVersionDate "2021.09.30"]
[SourceQuality "1"]

1. c4 Nf6 2. Nc3 e6 3. e4 d5 4. cxd5 exd5 5. exd5 Nxd5 6. d4 Be7 7. Nf3 Bg4 8. Be2 0-0 9. 0-0 c5 10. h3 Bh5 11. dxc5 Nxc3 12. bxc3 Bxc5 13. Bf4 Nc6 14. Qb3 Qb6 15. Qc2 Bg6 16. Bd3 Rfd8 17. Bxg6 hxg6 18. Rab1 Qa6 19. Rfd1 b6 20. Qe4 Ne7 21. Bc7 Re8 22. Rd7 Qxa2 23. Rbd1 Nf5 24. Qd5 Bxf2+ 25. Kh1 Qxd5 26. R1xd5 Bg3 27. Bxg3 Nxg3+ 28. Kh2 Ne4 29. Rc7 Nf6 30. Rd2 Rec8 31. Rb7 Rcb8 32. Rc7 a5 33. Ng5 Rf8 34. Re2 a4 35. Rb7 a3 36. Ra2 Nd5 37. Ne4 Rfe8 0-1

[Event "Titled Tuesday intern op 27th July"]
[Site "Chess.com INT"]
[Date "2021.07.27"]
[Round "1"]
[White "Nguyen, Hong Ngoc"]
[Black "Preotu, Razvan"]
[Result "0-1"]
[WhiteElo "1957"]
[BlackElo "2487"]
[PlyCount "50"]
[EventDate "2021.07.27"]
[EventType "swiss (blitz)"]
[EventRounds "11"]
[EventCountry "USA"]
[SourceTitle "CBM 203 Extra"]
[Source "ChessBase"]
[SourceDate "2021.09.30"]
[SourceVersion "1"]
[SourceVersionDate "2021.09.30"]
[SourceQuality "1"]

1. e4 c5 2. Nc3 d6 3. g3 Nc6 4. Bg2 g6 5. d3 Bg7 6. Be3 Rb8 7. Qd2 b5 8. Nge2 b4 9. Nd1 Nd4 10. 0-0 h5 11. h4 e6 12. c3 Nxe2+ 13. Qxe2 bxc3 14. bxc3 Ba6 15. Re1 Nf6 16. Qd2 Ng4 17. Bg5 Qa5 18. d4 cxd4 19. cxd4 Qxd2 20. Bxd2 Bxd4 21. Rc1 Kd7 22. Bh3 Ne5 23. Bc3 Nf3+ 24. Kh1 Bxc3 25. Rxc3 Nxe1 0-1

[Event "Titled Tuesday intern op 20th July"]
[Site "Chess.com INT"]
[Date "2021.07.20"]
[Round "2"]
[White "Flores Quillas, Diego Saul Rodrigo"]
[Black "Nguyen, Hong Ngoc"]
[Result "0-1"]
[WhiteElo "2245"]
[BlackElo "1957"]
[PlyCount "88"]
[EventDate "2021.07.20"]
[EventType "swiss (blitz)"]
[EventRounds "11"]
[EventCountry "USA"]
[SourceTitle "CBM 203 Extra"]
[Source "ChessBase"]
[SourceDate "2021.09.30"]
[SourceVersion "1"]
[SourceVersionDate "2021.09.30"]
[SourceQuality "1"]

1. e4 d6 2. d4 Nf6 3. Nc3 g6 4. f4 Bg7 5. Nf3 Bg4 6. h3 Bxf3 7. Qxf3 Nc6 8. Be3 Nd7 9. e5 e6 10. 0-0-0 d5 11. g4 f5 12. gxf5 gxf5 13. Qh5+ Kf8 14. Rg1 Qe8 15. Qg5 Qe7 16. Qg3 a6 17. Be2 Nb6 18. Bf2 Bh6 19. Kb1 Ke8 20. Qf3 Kd7 21. b3 Rag8 22. Be3 Nc8 23. Qh5 Bf8 24. Bd3 Nb6 25. Kb2 Qe8 26. Qxe8+ Kxe8 27. Be2 Ne7 28. Bh5+ Ng6 29. Ne2 Kf7 30. Rg2 Be7 31. Rdg1 Nd7 32. c3 Rg7 33. Bf2 Rhg8 34. Kc2 Ndf8 35. Kd2 Ke8 36. Ke3 Kd7 37. Nc1 c5 38. Nd3 b6 39. a4 Kc6 40. Bf3 Rh8 41. c4 Nd7 42. cxd5+ exd5 43. h4 cxd4+ 44. Kxd4 Nxf4 0-1

[Event "Titled Tuesday intern op 20th July"]
[Site "Chess.com INT"]
[Date "2021.07.20"]
[Round "3"]
[White "Goncharov, Vladimir"]
[Black "Nguyen, Hong Ngoc"]
[Result "1-0"]
[WhiteElo "2077"]
[BlackElo "1957"]
[PlyCount "121"]
[EventDate "2021.07.20"]
[EventType "swiss (blitz)"]
[EventRounds "11"]
[EventCountry "USA"]
[SourceTitle "CBM 203 Extra"]
[Source "ChessBase"]
[SourceDate "2021.09.30"]
[SourceVersion "1"]
[SourceVersionDate "2021.09.30"]
[SourceQuality "1"]

1. e4 d6 2. d4 Nf6 3. Nc3 g6 4. f4 Bg7 5. Nf3 Bg4 6. Be3 d5 7. h3 Bxf3 8. Qxf3 dxe4 9. Nxe4 Nxe4 10. Qxe4 c6 11. Bc4 Qa5+ 12. c3 Nd7 13. 0-0 Nf6 14. Qf3 0-0 15. f5 Qxf5 16. Qxf5 gxf5 17. Rxf5 e6 18. Rf3 Nd5 19. Bd2 Rad8 20. Raf1 Rd7 21. Rg3 Kh8 22. Bb3 Ne7 23. Bc1 Ng6 24. Rg4 Ne7 25. h4 Nf5 26. h5 Bh6 27. Rxf5 exf5 28. Bxh6 Rg8 29. Rxg8+ Kxg8 30. Bg5 Rd6 31. Kf2 Kg7 32. Bf4 Rd7 33. Kf3 Re7 34. Bd2 Kf6 35. Bc2 a6 36. Bd3 b5 37. Bf4 Re1 38. a3 Rd1 39. Ke2 Rh1 40. h6 Rh4 41. Bd2 Ke6 42. Kf3 Rh1 43. Bc2 Rh4 44. Bg5 Rg4 45. Bb3+ Kd6 46. Bf6 Rg6 47. Be5+ Ke7 48. Bf4 f6 49. g3 Rg4 50. Kg2 Rg6 51. Kh3 Rg4 52. Ba2 Rg6 53. Kh4 Rg4+ 54. Kh5 Rg6 55. Bb1 Ke6 56. Bd3 Rg4 57. Bc2 Rg6 58. Bd1 Rg4 59. Bxg4 fxg4 60. Kxg4 f5+ 61. Kg5 1-0

[Event "Titled Tuesday intern op 13th July"]
[Site "Chess.com INT"]
[Date "2021.07.13"]
[Round "8"]
[White "Nguyen, Hong Ngoc"]
[Black "Carlsson, Ludvig"]
[Result "0-1"]
[WhiteElo "1957"]
[BlackElo "2258"]
[PlyCount "114"]
[EventDate "2021.07.13"]
[EventType "swiss (blitz)"]
[EventRounds "11"]
[EventCountry "USA"]
[SourceTitle "CBM 203 Extra"]
[Source "ChessBase"]
[SourceDate "2021.09.30"]
[SourceVersion "1"]
[SourceVersionDate "2021.09.30"]
[SourceQuality "1"]

1. e4 e5 2. Nf3 Nc6 3. Bb5 Nf6 4. 0-0 d6 5. d4 exd4 6. Nxd4 Bd7 7. Bxc6 bxc6 8. Nc3 Be7 9. h3 0-0 10. Re1 Re8 11. Nf3 Bf8 12. Bf4 Be6 13. Bh2 Rb8 14. b3 h6 15. e5 Nd5 16. Ne4 Bf5 17. Qd4 Nb4 18. Qc3 d5 19. Ng3 Bg6 20. Re2 c5 21. a3 d4 22. Qc4 Nd5 23. Ne4 Bxe4 24. Rxe4 Nc3 25. Ree1 Qd5 26. Nd2 c6 27. Qd3 Rbd8 28. Nc4 g6 29. Bg3 Qe6 30. Kh2 Qf5 31. Nd2 Qxd3 32. cxd3 Re6 33. f4 f5 34. Rac1 Rb8 35. Rc2 a5 36. a4 Be7 37. Bf2 Bd8 38. g3 Bc7 39. Rec1 Kf7 40. Rxc3 dxc3 41. Rxc3 Bb6 42. Nc4 Bc7 43. Bxc5 Ree8 44. d4 Ke6 45. Rd3 Red8 46. Kg2 Kd5 47. Kf3 Rb7 48. Ne3+ Ke6 49. g4 Rdb8 50. gxf5+ gxf5 51. d5+ cxd5 52. Rxd5 Rxb3 53. Bd4 Rd8 54. Rc5 Rxd4 55. Rc6+ Kd7 56. Rc2 Rdd3 57. Re2 Bb6 0-1